00530nam a2200181 a 450000500170000000800410001704000250005804100080008304400070009110000210009811100840011924500640020326000220026730000110028965000160030065000100031665000220032620151120114334.0140224b1984 sz ||||| |||| 00| 0 eng d aCO-BoIAVHcCO-BoIAVH aeng asz aDollinger, Peter aConvention on International Trade in Endangered Species of Wild Fauna and Flora aCITESbidentification manual, Vol 4 parts and derivativeses aGlandbUICNc1984 a200 p. aMamíferos aCITES aListas rojas UICN